| 000 | 00729cam a22002291 4500 | ||
|---|---|---|---|
| 001 | sa 65004636 | ||
| 003 | DLC | ||
| 005 | 20260227112132.0 | ||
| 008 | 801201s1964 io 000 0 ind | ||
| 010 | _asa 65004636 | ||
| 025 | _aPL480:Indo-1449 | ||
| 035 | _a(OCoLC)6985529 | ||
| 040 |
_aDLC _cNIC _dNIC _dDLC |
||
| 041 | 0 | _aengind | |
| 042 | _apremarc | ||
| 050 | 0 | 0 |
_aH62 _b.D584 |
| 110 | 2 | _aLembaga Ekonomi dan Kemasyarakatan Nasional. | |
| 245 | 1 | 0 |
_aMadjelis Ilmu Pengetahuan Indonesia, Lembaga Ekonomi dan Kemasjarakatan Nasional. _bCouncil for Sciences of Indonesia, National Economic and Social Research Institute. |
| 260 |
_a[Djakarta, _c1964] |
||
| 300 |
_a8 p. _c22 cm. |
||
| 650 | 0 |
_aSocial sciences _xResearch. |
|
| 999 |
_c63862 _d63862 |
||